| 000 -LEADER |
| fixed length control field |
00891pab a2200169 454500 |
| 008 - FIXED-LENGTH DATA ELEMENTS--GENERAL INFORMATION |
| fixed length control field |
180718b2000 xxu||||| |||| 00| 0 eng d |
| 100 ## - MAIN ENTRY--PERSONAL NAME |
| Personal name |
Mohapatra, Brishnu N. |
| 245 ## - TITLE STATEMENT |
| Title |
Orissa: elections and everyday politics: local narratives of a national event |
| 260 ## - PUBLICATION, DISTRIBUTION, ETC. |
| Date of publication, distribution, etc. |
2000 |
| 300 ## - PHYSICAL DESCRIPTION |
| Extent |
p.170-73 |
| 362 ## - DATES OF PUBLICATION AND/OR SEQUENTIAL DESIGNATION |
| Dates of publication and/or sequential designation |
22 Jan |
| 520 ## - SUMMARY, ETC. |
| Summary, etc. |
From a national perspective the victory of the BJP-BJD combine in the parliamentary elections is yet another victory of the National Democratic Alliance. At the state level, the decline of the Congress and the spectacular rise of the BJP point to the emergence of a distinct regional political arena in the state which has much to do with the nature of the elite and the emerging middle class in the state. - Reproduced |
| 650 ## - SUBJECT ADDED ENTRY--TOPICAL TERM |
| Topical term or geographic name entry element |
India. Parliament - Elections - 13th |
| 650 ## - SUBJECT ADDED ENTRY--TOPICAL TERM |
| Topical term or geographic name entry element |
Elections |
| 773 ## - HOST ITEM ENTRY |
| Main entry heading |
Economic and Political Weekly |
| 909 ## - |
| -- |
43752 |